Yes no or may be (Record no. 1396416)

MARC details
000 -LEADER
fixed length control field 00530nam a2200205Ia 4500
005 - DATE AND TIME OF LATEST TRANSACTION
control field 20250508165635.0
008 - FIXED-LENGTH DATA ELEMENTS--GENERAL INFORMATION
fixed length control field 008 250505s9999 xx 000 0 eng d
037 ## - SOURCE OF ACQUISITION
Stock number Textual
040 ## - CATALOGING SOURCE
Original cataloging agency FEDL
Language of cataloging eng
Transcribing agency FEDL
041 ## - LANGUAGE CODE
Language code of text/sound track or separate title eng
Source of code eng
084 ## - COLON CLASSIFICATION NUMBER
Classification number 500, KHU
Assigning agency FEDL
100 ## - MAIN ENTRY--PERSONAL NAME
Personal name Khurgin Ya. I
9 (RLIN) 781464
245 #0 - TITLE STATEMENT
Title Yes no or may be
260 ## - PUBLICATION, DISTRIBUTION, ETC.
Place of publication, distribution, etc. Moscow
Name of publisher, distributor, etc. Mir Prakashan
Date of publication, distribution, etc. 1985
300 ## - PHYSICAL DESCRIPTION
Extent 219p.
365 ## - TRADE PRICE
Price type code INR
Price amount 6.8
546 ## - LANGUAGE NOTE
Language note Science for everyone
942 ## - ADDED ENTRY ELEMENTS (KOHA)
Koha item type Textual
Classification part 500, KHU
Holdings
Withdrawn status Lost status Damaged status Not for loan Home library Current library Date acquired Cost, normal purchase price Total Checkouts Full call number Barcode Date last seen Price effective from Koha item type
        Department of Education Library Department of Education Library 2025-05-08 6.80   500, KHU EL0090068 2025-05-08 2025-05-08 Textual
Copyright @ Delhi University Library System